| 000 | 00582nam a2200169 i 4500 | ||
|---|---|---|---|
| 001 | 99648 | ||
| 003 | ES-MaACL | ||
| 005 | 20250915063038.0 | ||
| 007 | t| | ||
| 008 | 050914s1942 sp ||||1| spa d | ||
| 100 | 1 |
_aMartÃnez de Campos y Serrano, Carlos, _d1887-1975 _977985 |
|
| 245 | 1 | 0 |
_aCuestiones de ante-guerra / _cpor el General de Brigada Carlos MartÃnez de Campos y Serrano. Conde de la Torre y Conde de Llovera. |
| 260 |
_aMadrid : _bEditora Nacional, _c1942. |
||
| 300 |
_a286 p. ; _c21 cm. |
||
| 852 |
_aES-MaACL _jC-4089 _bR.23499 |
||
| 999 |
_c99648 _d99648 |
||